Riadenie služieb informačných technológií vo vybraných podnikoch dizertačná práca

Enregistré dans:
Détails bibliographiques
Auteur principal: Bednarčíková, Diana, 1996-
Collectivité auteur: Fakulta podnikového manažmentu EU. Katedra informačného manažmentu
Autres auteurs: Romanová, Anita, 1973-
Format: Livre
Langue:slovaque
Publié: Bratislava 2024
Sujets:
Tags: Ajouter un tag
Pas de tags, Soyez le premier à ajouter un tag!

MARC

LEADER 00000nbm a2200000 4500
001 0304062
005 20250515130937.2
041 0 |a slo 
044 |a SK 
245 1 0 |a Riadenie služieb informačných technológií vo vybraných podnikoch  |b dizertačná práca  |c Diana Bednarčíková ; školiteľ: Anita Romanová 
264 1 |a Bratislava  |c 2024 
300 |a 236 s. 
610 2 0 |a technológie informačné 
610 2 0 |a služby informačné 
610 2 0 |a riadenie 
610 2 0 |a podnik 
100 1 |a Bednarčíková, Diana, 1996- 
700 1 |a Romanová, Anita, 1973- 
710 2 |a Fakulta podnikového manažmentu EU. Katedra informačného manažmentu